El tesoro de la palabra (Record no. 1640)

MARC details
000 -CABECERA
campo de control de longitud fija 00890nam a2200217 a 4500
001 - NÚMERO DE CONTROL
campo de control BRCA_1862
005 - FECHA Y HORA DE LA ÚLTIMA TRANSACCIÓN
campo de control 20190320203559.0
008 - DATOS DE LONGITUD FIJA--INFORMACIÓN GENERAL
campo de control de longitud fija 060608s1998----sp-a---###---#000-0#spa-#
020 ## - NÚMERO INTERNACIONAL ESTÁNDAR DEL LIBRO
Número Internacional Estándar del Libro 8470505386
041 ## - CÓDIGO DE LENGUA
Código de lengua del texto/banda sonora o título independiente spa
044 ## - CÓDIGO DEL PAÍS DE LA ENTIDAD EDITORA/PRODUCTORA
Código MARC del país sp
050 #4 - SIGNATURA TOPOGRÁFICA DE LA BIBLIOTECA DEL CONGRESO
Número de clasificación BX4705.R5
Número de documento/Ítem .T47 1998
245 10 - MENCIÓN DE TÍTULO
Título El tesoro de la palabra
Resto del título las biblias de San Juan de Ribera
Mención de responsabilidad, etc. textos Juan José Garrido Zaragozá ... [et al.].
260 ## - PUBLICACIÓN, DISTRIBUCIÓN, ETC.
Lugar de publicación, distribución, etc. Valencia
Nombre del editor, distribuidor, etc. Real Colegio Seminario de Corpus Christi
Fecha de publicación, distribución, etc. 1998
300 ## - DESCRIPCIÓN FÍSICA
Extensión 139 p.
Otras características físicas il. (algunas a color)
Dimensiones 27 cm.
500 ## - NOTA GENERAL
Nota general Catálogo de la exposición realizada en el Real Colegio Seminario de Corpus Christi (Valencia), 19 noviembre, 1998 - 14 enero, 1999
500 ## - NOTA GENERAL
Nota general Incluye un listado de las Biblias de la Biblioteca de San Juan de Ribera
600 14 - PUNTO DE ACCESO ADICIONAL DE MATERIA--NOMBRE DE PERSONA
Nombre de persona Ribera, Juan de
Títulos y otros términos asociados al nombre Santo
Fechas asociadas al nombre 1532-1611
Subdivisión general Biblia
9 (RLIN) 5774
700 1# - PUNTO DE ACCESO ADICIONAL--NOMBRE DE PERSONA
Nombre de persona Garrido Zaragozá, Juan José
9 (RLIN) 5775
942 ## - ELEMENTOS DE PUNTO DE ACCESO ADICIONAL (KOHA)
Fuente del sistema de clasificación o colocación Library of Congress Classification
Tipo de ítem Koha Libros
Holdings
Estado de retiro Estado de pérdida Estado dañado No para préstamo Localización permanente Ubicación/localización actual Fecha de adquisición Total de préstamos Signatura topográfica completa Código de barras Fecha visto por última vez Precio válido a partir de Tipo de ítem Koha
El ejemplar forma parte de la colección y puede ser consultado según las políticas vigentes.       Biblioteca del Museo Franz Mayer (Rogerio Casas-Alatriste) Biblioteca del Museo Franz Mayer (Rogerio Casas-Alatriste) 30/07/2008   BX4705.R5 .T47 1998 02387 22/03/2019 22/03/2019 Libros